Statistics for The All-Time Olympic Medals Table

Click here to take the quiz!

General Stats

  • This quiz has been taken 57 times
  • The average score is 9 of 10

Answer Stats

HintAnswer% Correct
9. (473 Medals)China
100%
1. (2399 Medals)United States
100%
5. (671 Medals)France
98%
4. (777 Medals)Germany
98%
3. (780 Medals)Great Britain
96%
6. (549 Medals)Italy
94%
2. (1010 Medals)Soviet Union (USSR)
92%
10. (468 Medals)Australia
85%
7. (483 Medals)Sweden
70%
8. (476 Medals)Hungary
47%

Score Distribution

Percentile by Number Answered

Percent of People with Each Score

Your Score History

You have not taken this quiz